| 000 | 01738cam a22002535a 4500 | ||
|---|---|---|---|
| 001 | L137711 | ||
| 008 | 080724s2003 xxkdo f 001 0 eng d | ||
| 020 | _a18589480708 | ||
| 035 | _a(Sirsi) u137711 | ||
| 041 | 0 | _aeng | |
| 050 | 0 | 4 | _a526.9823 $2 18 |
| 100 | 1 | _aTomlinson, Roger | |
| 245 | 0 | 0 |
_aThinking about GIS _bgeographic information system planning for managers |
| 250 |
_aRedlands _bERSI _c2003 |
||
| 260 |
_aERSI Press _c2003 |
||
| 300 |
_axx, 283p. _bill. _c24cm. |
||
| 350 | _a25 | ||
| 505 | 2 | _aGIS: the whole picture -- Overview of the method -- Consider the strategic purpose -- Plan for the planning -- Conduct a technology seminar -- Describe the information products -- Define the system scope -- Create a data design -- Choose a logical data model -- determine system requirements -- Benefit-cost, migration, and risk analysis -- make an implementation plan -- Appendix A: GIS job descriptions -- Appendix B: benchmark testing -- Appendix C: network design planning factors | |
| 520 | _aBook describes a practical method for implementing a geographic information system developed by Roger Tomlinson, considered by many to be the 'father of GIS'. His ten stage methodology is built around the concept of truly understanding the purpose of the organisation requesting it and the business environment in which it operates. The book is aimed at senior managers who oversee GIS and other information technologies and technical managers responsible for the implementation of these systems. It aims to give both groups a shared platform for GIS planning. | ||
| 521 | _aAdvanced | ||
| 651 | 4 | _aInternational | |
| 690 | _aENVIRONMENTAL AND LAND CONSULTANCY-GEOMATICS-MAPPING AND POSITIONING-CARTOGRAPHY | ||
| 942 | _n0 | ||
| 999 |
_c106881 _d106881 |
||